Ricostruisci la Carriera del Calciatore - Gianluca Lapadula - Statistics

Statistiche generali
  • Questo quiz è stato fatto 7 volte
  • Il punteggio medio è 6 su 16
Statistiche sulle risposte
Hint Risposta % Corretto
2016-2017 Milan
60%
2014-2015 Teramo
60%
2020-2022 Benevento
40%
2022- Cagliari
40%
2017-2019 Genoa
40%
2013-2014 Gorica
40%
2008-2009 Ivrea
40%
2019-2020 Lecce
40%
2009-2010 Parma
40%
2015-2016 Pescara
40%
2007-2008 Pro Vercelli
40%
2010-2011 Atletico Roma
20%
2012-2013 Cesena
20%
2013 Frosinone
20%
2011 Ravenna
20%
2011-2012 San Marino
20%
Nessun quiz corrispondente trovato
Distribuzione punteggi
Percentuale di utenti per punteggio
Percentile per numero di risposta
I tuoi punteggi nel tempo
Non hai fatto questo quiz